| Tag |
First Indicator |
Second Indicator |
Subfields |
| LEADER |
00000cam a2200000 a 4500 |
| 001 |
in00001407069 |
| 005 |
20151020073116.0 |
| 008 |
970207s1997 ne a b 100 0 eng |
| 010 |
|
|
|a 97007628
|
| 020 |
|
|
|a 0444825932
|
| 035 |
|
|
|a (OCoLC)36407840
|
| 035 |
|
|
|9 AHQ4040AM
|
| 040 |
|
|
|a DLC
|c DLC
|d TXA
|d UtOrBLW
|
| 049 |
|
|
|a TXAM
|
| 050 |
0 |
0 |
|a QC6.4.F58
|b E25 1995
|
| 082 |
0 |
0 |
|a 539
|2 21
|
| 111 |
2 |
|
|a Ecole d'été de physique théorique (Les Houches, Haute-Savoie, France)
|n (63rd :
|d 1995)
|
| 245 |
1 |
0 |
|a Fluctuations quantiques :
|b Les Houches, Session LXIII, 27 juin-28 juillet 1995 = Quantum fluctuations /
|c édité par S. Reynaud, E. Giacobino et J. Zinn-Justin.
|
| 246 |
3 |
1 |
|a Quantum fluctuations
|
| 264 |
|
1 |
|a Amsterdam ;
|a New York :
|b Elsevier,
|c 1997.
|
| 300 |
|
|
|a xxxiv, 606 pages :
|b illustrations ;
|c 23 cm.
|
| 336 |
|
|
|a text
|b txt
|2 rdacontent
|
| 337 |
|
|
|a unmediated
|b n
|2 rdamedia
|
| 338 |
|
|
|a volume
|b nc
|2 rdacarrier
|
| 500 |
|
|
|a "Les Houches Ecole d'été de physique théorique"--P. v.
|
| 504 |
|
|
|a Includes bibliographical references.
|
| 650 |
|
0 |
|a Fluctuations (Physics)
|v Congresses.
|
| 650 |
|
0 |
|a Quantum theory
|v Congresses.
|
| 650 |
|
0 |
|a Quantum optics
|v Congresses.
|
| 700 |
1 |
|
|a Reynaud, S.
|q (Serge),
|d 1954-
|
| 700 |
1 |
|
|a Giacobino, E.
|q (Elisabeth)
|
| 700 |
1 |
|
|a Zinn-Justin, Jean.
|
| 948 |
|
|
|a c:cer
|
| 999 |
|
|
|a MARS
|
| 999 |
f |
f |
|s 4256a4a5-e9ba-341f-9cf1-a1d4dfea45e7
|i 0ce1e6ee-0b2e-372f-a1ad-29f2e3b187f9
|t 0
|
| 952 |
f |
f |
|p normal
|a Texas A&M University
|b College Station
|c Sterling C. Evans Library
|d Evans: Library Stacks
|t 0
|e QC6.4.F58 E25 1995
|h Library of Congress classification
|i unmediated -- volume
|m A14822563982
|
| 998 |
f |
f |
|a QC6.4.F58 E25 1995
|t 0
|l Evans: Library Stacks
|